《我的祖国》歌词 - Statistics

General Stats
  • This quiz has been taken 13 times
  • The average score is 15 of 27
Answer Stats
歌词 % Correct
一条大河波浪宽
100%
风吹稻花香两岸
100%
我家就在岸上住
92%
听惯了艄公的号子
83%
看惯了船上的白帆
83%
是我生长的地方
75%
是我生长的地方
75%
是我生长的地方
75%
朋友来了有好酒
67%
若是那豺狼来了
67%
这是美丽的祖国
58%
好山好水好地方
58%
迎接它的有猎枪
58%
这是强大的祖国
58%
小伙儿心胸多宽广
50%
姑娘好像花儿一样
42%
为了开辟新天地
42%
这是英雄的祖国
42%
在这片辽阔的土地上
33%
让那河流改变了模样
33%
到处都有和平的阳光
33%
到处都有明媚的风光
25%
唤醒了沉睡的高山
25%
在这片古老的土地上
25%
在这片温暖的土地上
25%
到处都有青春的力量
17%
条条大路都宽畅
8%
No matching quizzes found
Score Distribution
Percent of People with Each Score
Percentile by Number Answered
Your Score History
You have not taken this quiz